00741nam a2200205Ia 450000500170000000800410001704100080005808200150006610000200008124500880010125000110018926000360020030000090023650000290024565000360027490600190031094200070032999900170033695201820035320251122102638.0221007s9999 xx 000 0 und d aeng a158.1bQUA aQuain B9215471 a10 Rules to Break & 10 Rules to MakebThe DO's And Donts For Designing Your Destiny aEd.1st c2014bPentagon pressaNew Delhi a172p aPersonality Development  aPersonality Development9213420 a61.69bGeneral cBK c76158d76158 00104070aHIMRbHIMRd2017-03-02eSuyog Enterprisesg199.00iSE/SI/3814l7m6o158.1 QUA B15520pHIMR-BK-15520r2024-10-01 00:00:00s2024-09-27v137.31w2017-02-27yBKzB15520